Handbook of Liberia. (Record no. 89883)
[ view plain ]
| 000 -LEADER | |
|---|---|
| fixed length control field | 00668cam a22002411 4500 |
| 001 - CONTROL NUMBER | |
| control field | sd 41000095 |
| 003 - CONTROL NUMBER IDENTIFIER | |
| control field | DLC |
| 005 - DATE AND TIME OF LATEST TRANSACTION | |
| control field | 20260227112734.0 |
| 008 - FIXED-LENGTH DATA ELEMENTS--GENERAL INFORMATION | |
| fixed length control field | 771117s1940 nyuabc b 000 0 eng c |
| 010 ## - LIBRARY OF CONGRESS CONTROL NUMBER | |
| LC control number | sd 41000095 |
| 035 ## - SYSTEM CONTROL NUMBER | |
| System control number | (OCoLC)3427394 |
| 040 ## - CATALOGING SOURCE | |
| Original cataloging agency | U.S. Dept. of state. Libr. |
| Transcribing agency | OOxM |
| Modifying agency | OOxM |
| -- | DLC |
| 042 ## - AUTHENTICATION CODE | |
| Authentication code | premarc |
| 050 00 - LIBRARY OF CONGRESS CALL NUMBER | |
| Classification number | DT624 |
| Item number | .A5 |
| 110 1# - MAIN ENTRY--CORPORATE NAME | |
| Corporate name or jurisdiction name as entry element | Liberia. |
| 245 10 - TITLE STATEMENT | |
| Title | Handbook of Liberia. |
| 260 ## - PUBLICATION, DISTRIBUTION, ETC. | |
| Place of publication, distribution, etc. | [New York, |
| Name of publisher, distributor, etc. | Minden Press, Inc.] |
| Date of publication, distribution, etc. | 1940. |
| 300 ## - PHYSICAL DESCRIPTION | |
| Extent | 61, [3] p. |
| Other physical details | illus., port., map, tables. |
| Dimensions | 20 cm. |
| 500 ## - GENERAL NOTE | |
| General note | Cover title. |
| 504 ## - BIBLIOGRAPHY, ETC. NOTE | |
| Bibliography, etc. note | Bibliography: p. [64] |
| 651 #0 - SUBJECT ADDED ENTRY--GEOGRAPHIC NAME | |
| Geographic name | Liberia. |
| 651 #0 - SUBJECT ADDED ENTRY--GEOGRAPHIC NAME | |
| Geographic name | Liberia |
| General subdivision | Economic conditions. |
No items available.